I've Been Everywhere - Sudden Death - Statistics

General Stats
  • This quiz has been taken 22 times
  • The average score is 17 of 91
Answers on the Grid
Answers color-coded by a green-red scale on the quiz's grid according to % correct below.
Alaska
Albuquerque
Amarillo
Argentina
Atlanta
Atmore
Bakersfield
Baltimore
Bangor
Barbaroo
Barranquilla
Bay City
Black Rock
Boston
Buffalo
Cadillac
Catalina
Cedar City
Charleston
Chaska
Chatanika
Chicago
Chicopee
Cincinnati
Colorado
Costa Rica
Crater Lake
Davenport
Dayton
Delaware
Devil's Lake
Diamantina
Dodge City
El Dorado
Ellensburg
Fargo
Ferriday
Fond du Lac
Glen Rock
Grand Lake
Gravelbourg
Greenville
Hackensack
Haverstraw
Hennessey
Houston
Idaho
Jacksonville
Jellico
Kalamazoo
Kansas City
Kingston
Knoxville
La Paloma
Larimore
Little Rock
Louisiana
Louisville
Mattawa
Milwaukee
Minnesota
Mississippi
Monterey
Nashville
Nebraska
New York City
Niagara Falls
Oklahoma
Ombabika
Opelika
Oskaloosa
Ottawa
Padilla
Panama
Parkersburg
Pasadena
Philadelphia
Pittsburgh
Pittsfield
Portland
Quebec City
Reno
Rexburg
Salvador
San Antonio
San Diego
San Jose
Santa Fe
Sarasota
Schefferville
Shreveport
Sioux City
Spirit Lake
Springfield
St. Louis
Tallahassee
Tallapoosa
Tampa
Tennessee
Texarkana
Tocopilla
Toronto
Tulsa
Vicksburg
Washington
Waterloo
Waterville
Wichita
Winnipeg
Winslow
 
Answer Stats
Answer % Correct
Amarillo
64%
Barranquilla
50%
Alaska
43%
Bakersfield
43%
Bangor
36%
Black Rock
36%
Crater Lake
36%
Devil's Lake
36%
Glen Rock
36%
Padilla
36%
Catalina
29%
Charleston
29%
Chicopee
29%
Kansas City
29%
Mattawa
29%
Monterey
29%
Ombabika
29%
Oskaloosa
29%
Parkersburg
29%
Pittsfield
29%
Rexburg
29%
Sarasota
29%
Tulsa
29%
Wichita
29%
Winslow
29%
Buffalo
21%
Dayton
21%
Dodge City
21%
Ferriday
21%
Jacksonville
21%
La Paloma
21%
Larimore
21%
Little Rock
21%
Louisiana
21%
Louisville
21%
Nashville
21%
Ottawa
21%
Pittsburgh
21%
Reno
21%
Spirit Lake
21%
Springfield
21%
Tallapoosa
21%
Tampa
21%
Texarkana
21%
Tocopilla
21%
Toronto
21%
Argentina
14%
Boston
14%
Cedar City
14%
Chatanika
14%
Chicago
14%
Ellensburg
14%
Gravelbourg
14%
Hackensack
14%
Hennessey
14%
Knoxville
14%
Minnesota
14%
Nebraska
14%
Panama
14%
Santa Fe
14%
Schefferville
14%
Shreveport
14%
Sioux City
14%
Tennessee
14%
Vicksburg
14%
Atmore
7%
Baltimore
7%
Cadillac
7%
Chaska
7%
Colorado
7%
El Dorado
7%
Fargo
7%
Fond du Lac
7%
Jellico
7%
Kingston
7%
Oklahoma
7%
Washington
7%
Waterville
7%
Barbaroo
0%
Costa Rica
0%
Davenport
0%
Diamantina
0%
Grand Lake
0%
Haverstraw
0%
Houston
0%
Idaho
0%
Kalamazoo
0%
Opelika
0%
Pasadena
0%
Salvador
0%
Waterloo
0%
No matching quizzes found
Score Distribution
Percent of People with Each Score
Percentile by Number Answered
Your Score History
You have not taken this quiz